[Event "Baku"]
[Site "Baku"]
[Date "1983.??.??"]
[Round "?"]
[White "Sideif Sade, Fikret I"]
[Black "Short, Nigel D"]
[Result "0-1"]
[WhiteElo "2355"]
[BlackElo "2475"]
[PlyCount "184"]
[EventDate "1983.11.??"]
[Source "ChessBase"]

1. d4 e6 2. c4 Nf6 3. Bg5 h6 4. Bxf6 Qxf6 5. Nc3 g6 6. Nf3 Bg7 7. e3 d6 8. Be2 O-O 9. O-O e5 10. Rc1 Nd7 11. Qd2 Re8 12. dxe5 dxe5 13. Rfd1 e4 14. Nd4 Qe5 15. b4 Nf6 16. h3 Bd7 17. Nd5 Nxd5 18. cxd5 Bf8 19. Bb5 Qxd5 20. Bxd7 Qxd7 21. Qc3 Bd6 22. Nb3 Qb5 23. a3 b6 24. Nd4 Qe5 25. g3 h5 26. h4 a5 27. Nc6 Qxc3 28. Rxc3 axb4 29. axb4 Ra2 30. Rdc1 Rea8 31. Rc4 Rb2 32. R4c2 Raa2 33. Rxb2 Rxb2 34. Kf1 f5 35. Rc3 Kf7 36. Rc1 Ke6 37. Nd4+ Kd7 38. b5 Bc5 39. Rd1 Bxd4 40. Rxd4+ Ke6 41. Rc4 Rxb5 42. Rxc7 Rd5 43. Rg7 Kf6 44. Rb7 Rd6 45. Ke2 Ke6 46. Rg7 Kd5 47. Kd2 Kc4+ 48. Kc2 b5 49. Rc7+ Kb4 50. Rg7 Ra6 51. Kb2 Kc4 52. Rd7 b4 53. Rd4+ Kc5 54. Rd8 Rd6 55. Rc8+ Kb5 56. Rb8+ Kc4 57. Kc2 Rc6 58. Rb7 Ra6 59. Rc7+ Kb5 60. Rb7+ Ka4 61. Kb2 Rd6 62. Kc2 Rc6+ 63. Kb2 Rd6 64. Kc2 Rd3 65. Ra7+ Kb5 66. Rb7+ Kc4 67. Rc7+ Kd5 68. Rd7+ Kc6 69. Rg7 b3+ 70. Kb2 Kd5 71. Rxg6 Rd2+ 72. Kxb3 Rxf2 73. Rg5 Rf3 74. Kc2 Rxe3 75. Rxf5+ Kd4 76. Rxh5 Re2+ 77. Kd1 Ke3 78. Rh8 Rg2 79. h5 Rxg3 80. h6 Rg1+ 81. Kc2 Rf1 82. h7 Rf7 83. Kc1 Re7 84. Kc2 Ke2 85. Kc3 e3 86. Kd4 Rf7 87. Ke4 Kf2 88. Re8 Rxh7 89. Rf8+ Ke2 90. Kf4 Re7 91. Rh8 Kd2 92. Rd8+ Ke1 0-1

[Event "Yalta op"]
[Site "Yalta"]
[Date "1995.??.??"]
[Round "7"]
[White "Sidorov, Anatoly"]
[Black "Shipov, Sergei"]
[Result "0-1"]
[WhiteElo "2310"]
[BlackElo "2510"]
[PlyCount "90"]
[EventDate "1995.??.??"]
[Source "ChessBase"]

1. d4 Nf6 2. c4 e6 3. Bg5 c5 4. d5 exd5 5. cxd5 h6 6. Bc1 g6 7. Nc3 Bg7 8. Nf3 d6 9. g3 O-O 10. Bg2 Re8 11. Nd2 a6 12. a4 Nbd7 13. O-O Rb8 14. a5 b5 15. axb6 Nxb6 16. Nb3 Nc4 17. Nd2 Nxd2 18. Qxd2 Rb4 19. Ra3 Qb6 20. Qd1 Bd7 21. h3 Bb5 22. Re1 Nd7 23. f4 c4+ 24. Kh2 Nc5 25. Ra2 Nb3 26. e4 Nxc1 27. Qxc1 Bd7 28. Re2 h5 29. Qe1 Qb8 30. Bf3 a5 31. g4 hxg4 32. hxg4 g5 33. e5 dxe5 34. Ne4 exf4 35. Kg2 Rb3 36. Nc5 Rxe2+ 37. Qxe2 Re3 38. Qd1 Qc8 39. Nxd7 Qxd7 40. Rxa5 Bxb2 41. d6 Bf6 42. Ra8+ Kg7 43. Qd5 c3 44. Ra6 c2 45. Qd2 Rxf3 0-1

[Event "Zalakaros op"]
[Site "?"]
[Date "2003.05.23"]
[Round "8"]
[White "Gyorkos Lajos"]
[Black "Csiszar Csaba"]
[Result "0-1"]
[WhiteElo "2431"]
[BlackElo "2385"]
[PlyCount "92"]
[EventDate "2003.??.??"]
[Source "www.chesslib.no"]
[SourceDate "2004.05.04"]

1. c4 e6 2. d4 Nf6 3. Bg5 c5 4. Nc3 cxd4 5. Qxd4 Nc6 6. Qd2 h6 7. Bxf6 Qxf6 8. e3 Bb4 9. Rc1 O-O 10. a3 Bxc3 11. Qxc3 Qxc3+ 12. Rxc3 d6 13. Nf3 b6 14. Be2 Rd8 15. O-O Kf8 16. Rd1 Ke7 17. Nd2 Bb7 18. Kf1 Rac8 19. Ke1 Rc7 20. f3 g5 21. Kf2 Ne5 22. e4 Rdc8 23. Rdc1 Nd7 24. Nf1 Nc5 25. Ne3 a5 26. b4 Nd7 27. R3c2 axb4 28. axb4 Ra8 29. Rd2 Ne5 30. Rb1 Ra3 31. Rbd1 Rd7 32. g3 Bc8 33. b5 Rc3 34. Ra1 Bb7 35. Nd1 Rb3 36. Nb2 g4 37. fxg4 Bxe4 38. Ra6 Rb7 39. Na4 Nd7 40. Bd1 Rb4 41. Rd4 d5 42. Be2 e5 43. Rxe4 dxe4 44. Ke3 Rb3+ 45. Kxe4 Ke6 46. g5 f5+ 0-1

[Event "URS Team Ch"]
[Site "Podolsk RUS"]
[Date "1990.??.??"]
[Round "?"]
[White "Meister, Yakov"]
[Black "Atlas, Valeri"]
[Result "1-0"]
[WhiteElo "2395"]
[BlackElo "2420"]
[PlyCount "95"]
[EventDate "1990.??.??"]
[Source "www.chesslib.no"]
[SourceDate "2004.05.04"]

1. d4 Nf6 2. c4 e6 3. Bg5 h6 4. Bh4 b6 5. Nc3 Bb7 6. f3 d5 7. cxd5 exd5 8. e3 Be7 9. Bd3 O-O 10. Nge2 Ne4 11. Bxe7 Nxc3 12. Bxd8 Nxd1 13. Rxd1 Rxd8 14. Rc1 c6 15. g4 Nd7 16. h4 Nf8 17. g5 h5 18. f4 a5 19. f5 Rd6 20. Nf4 g6 21. Rh2 Re8 22. Kd2 Rc8 23. Rf2 c5 24. fxg6 fxg6 25. Bf1 c4 26. Ne2 Rc7 27. Nc3 Rf7 28. Rxf7 Kxf7 29. e4 Ke7 30. e5 Rd8 31. Bh3 Bc6 32. a4 Ne6 33. Bxe6 Kxe6 34. Rf1 Ke7 35. Rf6 Ba8 36. Rxg6 Rf8 37. Rf6 Rxf6 38. gxf6+ Kf7 39. Ke3 Bc6 40. Kf3 Kg6 41. Kf4 Bd7 42. Nxd5 Bxa4 43. Nxb6 Bb5 44. Nd5 a4 45. e6 Ba6 46. f7 Kg7 47. Ne3 Bc8 48. d5 1-0

[Event "Campionato europeo 2007"]
[Site "Dresda GER"]
[Date "2007.04.11"]
[Round "8.118"]
[White "Sowray, Peter"]
[Black "Iotov, Valentin"]
[Result "0-1"]
[WhiteElo "2317"]
[BlackElo "2491"]
[PlyCount "116"]
[EventDate "2007.04.03"]
[Source "www.chesslib.no"]
[SourceDate "2004.05.04"]

1. d4 Nf6 2. c4 e6 3. Bg5 Bb4+ 4. Nd2 h6 5. Bh4 g5 6. Bg3 Ne4 7. Ngf3 c5 8. dxc5 Qf6 9. Qb3 Nc6 10. O-O-O Nxc5 11. Qe3 b6 12. Ne4 Nxe4 13. Qxe4 Bb7 14. e3 O-O-O 15. Qc2 Bc5 16. Qa4 a5 17. a3 Qe7 18. Nd2 f5 19. Nb3 e5 20. Nxc5 bxc5 21. f3 d6 22. Bd3 Qf7 23. Be1 Kd7 24. Qb5 Ke6 25. g4 fxg4 26. Be4 Qc7 27. fxg4 Ke7 28. Bc3 Rb8 29. Bd5 Nd4 30. Qa4 Bxd5 31. cxd5 Ne2+ 32. Kc2 Nxc3 33. bxc3 Qb7 34. Qe4 Qb2+ 35. Kd3 c4+ 36. Qxc4 Rhc8 37. Rb1 Qg2 38. Rhg1 Rxb1 39. Rxg2 Rd1+ 40. Kc2 Rxc4 41. Kxd1 Rxc3 42. Kd2 Rxa3 43. Rg1 e4 44. Rb1 Rd3+ 45. Ke2 Rxd5 46. Rb7+ Ke6 47. Rh7 Rb5 48. Rxh6+ Kd5 49. Kd2 a4 50. Rg6 Kc4 51. Kc2 a3 52. Rxd6 Rb2+ 53. Kc1 Rxh2 54. Kb1 Rg2 55. Ka1 Re2 56. Rg6 Rxe3 57. Rxg5 Rg3 58. Ra5 e3 0-1

[Event "II NAO GM"]
[Site "Paris"]
[Date "2003.06.22"]
[Round "3.5"]
[White "Nguyen Chi Minh"]
[Black "Bellaiche, Antony"]
[Result "0-1"]
[WhiteElo "2383"]
[BlackElo "2425"]
[PlyCount "78"]
[EventDate "2003.06.20"]
[Source "Roberto Alvarez"]
[SourceDate "2003.07.07"]

1. d4 Nf6 2. c4 e6 3. Bg5 c5 4. d5 exd5 5. cxd5 d6 6. Nc3 a6 7. a4 g6 8. e4 Bg7 9. Be2 O-O 10. Nf3 h6 11. Bc1 Nbd7 12. O-O Rb8 13. Nd2 Ne8 14. f4 Qf6 15. Nf3 Qe7 16. Qc2 Nc7 17. Rd1 Qd8 18. Be3 Re8 19. Bf2 b5 20. Bh4 Bf6 21. Bg3 b4 22. Nb1 b3 23. Qc1 Rxe4 24. Bd3 Re8 25. f5 g5 26. Bxd6 Rb6 27. Bxc7 Qxc7 28. Nc3 g4 29. Nd2 Be5 30. Nf1 c4 31. Bb1 Bf4 32. Rd2 Ne5 33. Qd1 Bxd2 34. Qxd2 Nd3 35. Bxd3 cxd3 36. Qxd3 Qc5+ 37. Kh1 Qf2 38. a5 Bxf5 39. Nd1 Qf4 0-1

[Event "Oakham GM"]
[Site "Oakham"]
[Date "2001.03.29"]
[Round "1"]
[White "Tyomkin, Dimitri"]
[Black "Koneru, Humpy"]
[Result "1-0"]
[WhiteElo "2496"]
[BlackElo "2299"]
[PlyCount "87"]
[EventDate "2001.03.29"]
[Source "ChessBase"]
[SourceDate "2001.07.03"]

1. d4 Nf6 2. c4 e6 3. Bg5 Bb4+ 4. Nd2 h6 5. Bh4 d5 6. e3 O-O 7. a3 Be7 8. Ngf3 b6 9. cxd5 Nxd5 10. Bg3 Bb7 11. Be2 Nd7 12. O-O c5 13. Rc1 Rc8 14. Nc4 N7f6 15. dxc5 Bxc5 16. b4 Be7 17. Nfd2 b5 18. Na5 Ba8 19. Be5 Nd7 20. Ba1 Bf6 21. Rxc8 Qxc8 22. Bxb5 Rd8 23. Qc1 Qb8 24. Bxf6 N7xf6 25. Be2 Qe5 26. Nac4 Nc3 27. Bf3 Bxf3 28. Nxe5 Ne2+ 29. Kh1 Bxg2+ 30. Kxg2 Nxc1 31. Ndf3 Nd3 32. Nc6 Rd7 33. b5 Ne4 34. Rb1 Rb7 35. a4 Ndc5 36. a5 Nc3 37. Rc1 N5a4 38. b6 Nb5 39. Nd8 Rb8 40. Nc6 Rb7 41. Nfd4 a6 42. Nxb5 axb5 43. Nd8 Rb8 44. b7 1-0

[Event "Goodricke 10th op"]
[Site "Calcutta"]
[Date "1999.02.16"]
[Round "11"]
[White "Abdulla, Al Rakib"]
[Black "Murugan, Krishnamoorthy"]
[Result "1/2-1/2"]
[WhiteElo "2405"]
[BlackElo "2385"]
[PlyCount "41"]
[EventDate "1999.02.06"]
[Source "ChessBase"]
[SourceDate "1999.05.10"]

1. d4 Nf6 2. c4 e6 3. Bg5 h6 4. Bh4 d5 5. e3 Be7 6. Nf3 Ne4 7. Bxe7 Qxe7 8. Nbd2 Nd7 9. Nxe4 dxe4 10. Nd2 f5 11. Qh5+ Qf7 12. Qxf7+ Kxf7 13. f3 exf3 14. Nxf3 e5 15. Be2 Re8 16. O-O exd4 17. Nxd4 Nf6 18. Nxf5 Bxf5 19. Rxf5 Rxe3 20. Bf3 c6 21. Rd1 1/2-1/2

[Event "Cheliabinsk-B"]
[Site "Chelyabinsk RUS"]
[Date "1989.??.??"]
[Round "?"]
[White "Meister, Yakov"]
[Black "Ikonnikov, Vyacheslav"]
[Result "1-0"]
[WhiteElo "2400"]
[BlackElo "2385"]
[PlyCount "97"]
[EventDate "1989.??.??"]
[Source "www.chesslib.no"]
[SourceDate "2004.05.04"]

1. d4 Nf6 2. c4 e6 3. Bg5 Bb4+ 4. Nd2 h6 5. Bh4 c5 6. dxc5 Bxc5 7. e3 b6 8. Ngf3 Bb7 9. Bd3 Be7 10. O-O d6 11. Rc1 Nbd7 12. Qe2 O-O 13. Rfd1 Rc8 14. e4 Qc7 15. b4 Qb8 16. a3 Rfe8 17. Bb1 Qa8 18. Nd4 Ne5 19. Bg3 Ng6 20. Nb5 Red8 21. f4 a6 22. Nc3 e5 23. f5 Nf8 24. Bh4 Rc7 25. Bf2 N8d7 26. Na4 Qa7 27. Rc2 Bc6 28. Nc3 Rdc8 29. Rdc1 Qa8 30. h3 Ne8 31. Ba2 Bg5 32. h4 Bxd2 33. Rxd2 a5 34. b5 Bb7 35. g4 Nef6 36. Re1 Nc5 37. Bxc5 dxc5 38. g5 hxg5 39. hxg5 Ne8 40. Qh5 Rd8 41. Rh2 Kf8 42. f6 Nxf6 43. gxf6 gxf6 44. Nd5 Bxd5 45. exd5 Ke7 46. Rxe5+ fxe5 47. Qxe5+ Kd7 48. Qf5+ Ke8 49. Bb1 1-0

[Event "It"]
[Site "Condom (France)"]
[Date "2007.07.??"]
[Round "3"]
[White "Piceu Tom (BEL)"]
[Black "Cioara Andrei Nestor (ROM)"]
[Result "1/2-1/2"]
[WhiteElo "2350"]
[BlackElo "2430"]
[PlyCount "143"]
[EventDate "2007.??.??"]
[Source "www.chesslib.no"]
[SourceDate "2004.05.04"]

1. d4 e6 2. c4 Nf6 3. Bg5 h6 4. Bxf6 Qxf6 5. Nf3 c5 6. Nc3 cxd4 7. Nxd4 a6 8. e3 Nc6 9. Be2 g6 10. O-O Nxd4 11. exd4 Bg7 12. d5 O-O 13. Bf3 Rb8 14. Re1 Qd4 15. Qb3 b5 16. cxb5 axb5 17. Re4 Qc5 18. Rb4 Ba6 19. Ne4 Qc7 20. d6 Qa7 21. a4 bxa4 22. Raxa4 Rxb4 23. Qxb4 Rc8 24. Nc3 Bxc3 25. bxc3 Rb8 26. Qe4 Rb2 27. Qe1 Qb6 28. Rd4 Qc5 29. h4 Rc2 30. Ra4 Rxc3 31. Qd2 Rc2 32. Qxh6 Rc1+ 33. Kh2 Qxd6+ 34. g3 Rc2 35. Qe3 Bb5 36. Ra8+ Kg7 37. h5 Qc5 38. Qxc5 Rxc5 39. hxg6 Kxg6 40. g4 Rc3 41. Be4+ Kg5 42. Ra5 Kf4 43. Rxb5 Kxe4 44. Kg2 d5 45. Rb7 f6 46. Rf7 Ke5 47. f3 f5 48. gxf5 exf5 49. Kg3 d4 50. Re7+ Kd5 51. Kf4 Kc4 52. Ra7 Rb3 53. Rc7+ Kd3 54. Kxf5 Ke3 55. f4 Rb5+ 56. Kg4 d3 57. Re7+ Kd4 58. Kf3 Rd5 59. Rc7 Rh5 60. Rd7+ Kc3 61. Ke4 d2 62. Rc7+ Kb2 63. Rd7 Kc2 64. f5 Rh7 65. Rxd2+ Kxd2 66. f6 Rh8 67. Ke5 Ke3 68. f7 Ra8 69. Kf6 Kf4 70. Kg7 Ra7 71. Kg8 Rxf7 72. Kxf7 1/2-1/2

[Event "Velika Gorica op"]
[Site "Velika Gorica"]
[Date "2002.06.26"]
[Round "5"]
[White "Bozinovic, Bogdan"]
[Black "Zaja, Ivan"]
[Result "1/2-1/2"]
[WhiteElo "2321"]
[BlackElo "2459"]
[PlyCount "35"]
[EventDate "2002.06.22"]
[Source "ChessBase"]
[SourceDate "2002.09.11"]

1. d4 Nf6 2. c4 e6 3. Bg5 Bb4+ 4. Nd2 d5 5. e3 O-O 6. Ngf3 b6 7. Rc1 Bb7 8. Be2 dxc4 9. Rxc4 Bxd2+ 10. Qxd2 Nbd7 11. Rc1 c5 12. O-O Ne4 13. Bxd8 Nxd2 14. Nxd2 Rfxd8 15. Bf3 Rab8 16. Bxb7 Rxb7 17. Nb3 Rc7 18. dxc5 1/2-1/2

[Event "Esbjerg-B"]
[Site "Esbjerg DEN"]
[Date "1982.??.??"]
[Round "2"]
[White "Ravikumar, Vaidyanathan"]
[Black "Sloth, Jorn"]
[Result "1-0"]
[WhiteElo "2395"]
[BlackElo "2380"]
[PlyCount "107"]
[EventDate "1982.??.??"]
[Source "www.chesslib.no"]
[SourceDate "2004.05.04"]

1. d4 Nf6 2. c4 e6 3. Bg5 Bb4+ 4. Nd2 h6 5. Bxf6 Qxf6 6. a3 Bxd2+ 7. Qxd2 d6 8. e4 e5 9. Ne2 O-O 10. f3 a5 11. O-O-O a4 12. Kb1 Nc6 13. Qe3 Nxd4 14. Nxd4 exd4 15. Rxd4 b6 16. h4 Bb7 17. g4 Ra5 18. Rd2 Re8 19. Bd3 Kf8 20. Rg2 Qe5 21. g5 h5 22. Rc1 Bc6 23. Ka1 Qc5 24. Qe1 Qd4 25. Bb1 Rc5 26. Rc3 g6 27. f4 Bxe4 28. Rd2 Bxb1 29. Qxe8+ Kxe8 30. Rxd4 Bf5 31. Rd5 Rc6 32. Rb5 Bd7 33. Kb1 Kd8 34. Kc2 Rxc4 35. Rxc4 Bxb5 36. Re4 Bd7 37. Kc3 b5 38. Kb4 c5+ 39. Ka5 d5 40. Re5 Bc6 41. Kb6 Kd7 42. Kxc5 d4 43. Kxd4 Kd6 44. f5 Bd7 45. Rd5+ Kc6 46. fxg6 fxg6 47. Rxd7 Kxd7 48. Kd5 Ke7 49. Kc5 Ke6 50. Kxb5 Kf5 51. Kxa4 Kg4 52. b4 Kxh4 53. b5 Kxg5 54. b6 1-0

[Event "Biel MTO Open"]
[Site "?"]
[Date "2002.07.23"]
[Round "2"]
[White "Bozinovic Bogdan"]
[Black "Jenni Florian"]
[Result "0-1"]
[WhiteElo "2266"]
[BlackElo "2505"]
[PlyCount "52"]
[EventDate "2002.??.??"]
[Source "www.chesslib.no"]
[SourceDate "2004.05.04"]

1. d4 Nf6 2. c4 e6 3. Bg5 h6 4. Bh4 c5 5. d5 b5 6. dxe6 fxe6 7. Qc2 Be7 8. Qg6+ Kf8 9. Nf3 bxc4 10. Ne5 Qe8 11. Qc2 Kg8 12. Ng6 Nc6 13. Nxh8 Kxh8 14. e3 Nb4 15. Qd1 Qg6 16. Na3 d5 17. Qf3 e5 18. Qg3 Qf5 19. Qf3 e4 20. Qxf5 Bxf5 21. Kd2 Rb8 22. Nc2 Nd3 23. Rb1 Bd8 24. b4 cxb4 25. Bxd3 exd3 26. Bxf6 dxc2 0-1

[Event "AUT-chT2S 9899"]
[Site "?"]
[Date "1998.11.22"]
[Round "4.1"]
[White "Gyorkos Lajos"]
[Black "Zsinka Laszlo"]
[Result "1/2-1/2"]
[WhiteElo "2430"]
[BlackElo "2340"]
[PlyCount "50"]
[EventDate "1998.??.??"]
[Source "www.chesslib.no"]
[SourceDate "2004.05.04"]

1. d4 Nf6 2. c4 e6 3. Bg5 h6 4. Bxf6 Qxf6 5. Nc3 Bb4 6. Rc1 c5 7. Nf3 cxd4 8. Nxd4 Nc6 9. Ndb5 Qe5 10. a3 Be7 11. e3 a6 12. Nd4 O-O 13. Be2 f5 14. g3 Bf6 15. Nxc6 bxc6 16. Qd2 Rb8 17. O-O c5 18. Bf3 Bb7 19. Bxb7 Rxb7 20. Na4 Qc7 21. b4 d6 22. Rfd1 Rd8 23. Nb2 Bxb2 24. Qxb2 Qc6 25. Rd3 Qe4 1/2-1/2

[Event "1. Leaque 2005/06 rounds 6-7"]
[Site "?"]
[Date "2006.01.21"]
[Round "7"]
[White "Piceu Tom"]
[Black "Gharamian Tigran"]
[Result "0-1"]
[WhiteElo "2345"]
[BlackElo "2425"]
[PlyCount "128"]
[EventDate "2006.??.??"]
[Source "www.chesslib.no"]
[SourceDate "2004.05.04"]

1. d4 Nf6 2. c4 e6 3. Bg5 h6 4. Bxf6 Qxf6 5. Nf3 c5 6. Nc3 cxd4 7. Qxd4 Qxd4 8. Nxd4 a6 9. a3 d6 10. e3 b6 11. Bd3 Bb7 12. O-O Nd7 13. Rfd1 Rc8 14. f4 Ke7 15. Rac1 g5 16. Be4 Bxe4 17. Nxe4 Nc5 18. Nf2 Bg7 19. b4 Na4 20. Rc2 gxf4 21. exf4 b5 22. c5 dxc5 23. bxc5 Bxd4 24. Rxd4 Rxc5 25. Rxc5 Nxc5 26. f5 exf5 27. Rd5 Ne6 28. Rxf5 Rc8 29. Ng4 Ng7 30. Re5+ Kd6 31. Re3 h5 32. Nf6 Rc4 33. Rd3+ Ke6 34. Nd5 h4 35. Ne3 Rc5 36. Kf2 Nf5 37. Nxf5 Rxf5+ 38. Ke2 Rf4 39. Rc3 Ra4 40. Kd3 Kd5 41. Ke3 f5 42. Rd3+ Kc5 43. Rc3+ Rc4 44. Rb3 a5 45. Kd2 Rd4+ 46. Kc2 Rf4 47. Re3 Rf2+ 48. Kc3 Rxg2 49. Re5+ Kc6 50. Rxf5 Rxh2 51. Rf6+ Kd7 52. Rb6 Rh3+ 53. Kc2 Rxa3 54. Rxb5 Ke6 55. Rh5 h3 56. Kb2 Re3 57. Rxa5 Re5 58. Ra6+ Kf5 59. Kc3 Rd5 60. Kc4 Rd1 61. Rh6 Kg4 62. Rg6+ Kf3 63. Rf6+ Kg2 64. Rg6+ Kh1 0-1

[Event "Parsvnath ch-Commonwealth"]
[Site "New Delhi IND"]
[Date "2007.12.03"]
[Round "2"]
[White "Abdulla, AlR"]
[Black "Gomes, Ma"]
[Result "1-0"]
[WhiteElo "2506"]
[BlackElo "2262"]
[PlyCount "51"]
[EventDate "2007.12.03"]
[Source "www.chesslib.no"]
[SourceDate "2004.05.04"]

1. d4 e6 2. c4 Nf6 3. Bg5 h6 4. Bh4 d6 5. Nc3 Nbd7 6. Nf3 g5 7. Bg3 Bg7 8. e3 b6 9. Rc1 Bb7 10. d5 e5 11. b4 a6 12. Bd3 Qe7 13. Bf5 O-O 14. Nd2 h5 15. h3 Rfd8 16. Nde4 h4 17. Bh2 Bh6 18. Bxd7 Nxd7 19. Qh5 Kg7 20. g3 Nf8 21. gxh4 gxh4 22. f4 exf4 23. Bxf4 Bxf4 24. exf4 Nh7 25. Kd2 Kh8 26. Ng5 1-0

[Event "It (Open) Bermuda"]
[Site "?"]
[Date "2005.02.11"]
[Round "2"]
[White "Simon Jean Marc"]
[Black "Macieja Bartlomiej"]
[Result "0-1"]
[WhiteElo "2147"]
[BlackElo "2618"]
[PlyCount "122"]
[EventDate "2005.??.??"]
[Source "www.chesslib.no"]
[SourceDate "2004.05.04"]

1. d4 Nf6 2. c4 e6 3. Bg5 h6 4. Bh4 Bb4+ 5. Nd2 O-O 6. Ngf3 b6 7. e3 Bb7 8. Bd3 Be7 9. O-O c5 10. Rc1 d6 11. Bb1 Nbd7 12. Qe2 Re8 13. Rfd1 Qc7 14. e4 cxd4 15. Nxd4 Rad8 16. Bg3 Qb8 17. b4 Rc8 18. N2b3 Qa8 19. f3 Nh5 20. Bf2 Qb8 21. a3 Ne5 22. Be3 Nf6 23. Ba2 Ba6 24. Nd2 Rc7 25. Kh1 Rec8 26. f4 Ned7 27. Bg1 e5 28. Nf5 Bf8 29. Be3 Re8 30. Qf3 g6 31. Ng3 exf4 32. Bxf4 Qd8 33. Ngf1 Ne5 34. Bxe5 Rxe5 35. Ne3 Bb7 36. Nd5 Nxd5 37. exd5 Rce7 38. Nf1 h5 39. h3 Bh6 40. Rc2 Re1 41. Rf2 Qe8 42. Bb3 Bg7 43. Qd3 Rxd1 44. Bxd1 Re4 45. Bf3 Rd4 46. Re2 Qc8 47. Qe3 Qxc4 48. Qe8+ Bf8 49. Ne3 Qc1+ 50. Kh2 Rd2 51. Rxd2 Qxd2 52. h4 Qf2 53. Kh3 Bc8+ 54. Qxc8 Qxe3 55. a4 Kg7 56. Qc4 Qa3 57. Qd4+ Kg8 58. b5 Bg7 59. Qe4 Be5 60. Qc4 Qe3 61. Qe4 Qf2 0-1

[Event "LADAC"]
[Site "?"]
[Date "1999.11.01"]
[Round "?"]
[White "Gimenez Dante Manuel (ARG)"]
[Black "Piasini Antonio (ITA)"]
[Result "1/2-1/2"]
[WhiteElo "2385"]
[BlackElo "2377"]
[PlyCount "52"]
[EventDate "1999.??.??"]
[Source "www.chesslib.no"]
[SourceDate "2004.05.04"]

1. d4 Nf6 2. c4 e6 3. Bg5 Bb4+ 4. Bd2 Qe7 5. Nc3 O-O 6. e3 d6 7. Bd3 e5 8. Nge2 c6 9. O-O Bg4 10. f3 Bh5 11. Ng3 Bg6 12. Qc2 Nbd7 13. a3 Ba5 14. Nf5 Bxf5 15. Bxf5 exd4 16. exd4 Bb6 17. Qd3 Ne5 18. Qe3 Rfe8 19. b3 Ng6 20. Qf2 d5 21. Rfe1 Qf8 22. c5 Bc7 23. Rxe8 Rxe8 24. g3 Qe7 25. Re1 Qd8 26. Rxe8+ Qxe8 1/2-1/2

[Event "It"]
[Site "Condom (France)"]
[Date "2007.07.??"]
[Round "1"]
[White "Piceu Tom (BEL)"]
[Black "Roser Kevin (FRA)"]
[Result "1-0"]
[WhiteElo "2350"]
[BlackElo "2408"]
[PlyCount "129"]
[EventDate "2007.??.??"]
[Source "www.chesslib.no"]
[SourceDate "2004.05.04"]

1. d4 Nf6 2. c4 e6 3. Bg5 h6 4. Bxf6 Qxf6 5. Nf3 c5 6. Nc3 cxd4 7. Nxd4 Nc6 8. Ndb5 Qe5 9. g3 a6 10. f4 Qb8 11. Nd4 Bc5 12. Nb3 Be3 13. Bg2 O-O 14. c5 b6 15. Bxc6 dxc6 16. Qd3 Bxc5 17. Nxc5 bxc5 18. O-O-O a5 19. e4 Ba6 20. Qd6 Qb4 21. Qxc6 Rab8 22. Rd2 Bb7 23. Qa4 Qxa4 24. Nxa4 Bxe4 25. Re1 Bf5 26. Re5 Rb4 27. Nc3 Rc8 28. a3 Rc4 29. Rd6 f6 30. Re1 Rd4 31. Ra6 g5 32. Rxa5 Kg7 33. fxg5 hxg5 34. Rd1 Kg6 35. Rd2 Rcd8 36. Rf2 c4 37. Rc5 Rd3 38. Rxc4 Re3 39. b4 Rdd3 40. Kb2 g4 41. b5 Rd6 42. Rb4 e5 43. b6 Rf3 44. Re2 Rd8 45. a4 Rb8 46. a5 Bd3 47. Rd2 f5 48. Rxd3 Rxd3 49. a6 Rd2+ 50. Kb3 Rxh2 51. a7 Rhh8 52. axb8=Q Rxb8 53. Ne2 Kg5 54. b7 Kf6 55. Ka4 Kg5 56. Ka5 f4 57. gxf4+ exf4 58. Rb5+ Kh4 59. Nxf4 Kg3 60. Nh5+ Kh4 61. Ka6 Rh8 62. Rc5 Rh6+ 63. Ka7 Rxh5 64. Rxh5+ Kxh5 65. b8=Q 1-0

[Event "HZ Open"]
[Site "?"]
[Date "2003.08.03"]
[Round "2"]
[White "Bertrem Stijn"]
[Black "Iordachescu Viorel"]
[Result "0-1"]
[WhiteElo "2152"]
[BlackElo "2606"]
[PlyCount "86"]
[EventDate "2003.??.??"]
[Source "www.chesslib.no"]
[SourceDate "2004.05.04"]

1. d4 Nf6 2. c4 e6 3. Bg5 c5 4. d5 d6 5. Nc3 Be7 6. Bd2 O-O 7. e4 Re8 8. Be2 exd5 9. cxd5 Bf8 10. Qc2 Na6 11. a3 c4 12. f3 Nh5 13. O-O-O Nf6 14. Kb1 Bd7 15. Bxc4 Rc8 16. Bxa6 bxa6 17. Be3 Bb5 18. Nge2 Bc4 19. Qd2 Nd7 20. Nd4 Ne5 21. b3 f5 22. f4 Bd3+ 23. Ka2 fxe4 24. fxe5 dxe5 25. Ne6 Rxe6 26. dxe6 Qe7 27. b4 a5 28. Bc5 Qxe6+ 29. Ka1 axb4 30. axb4 Bxc5 31. bxc5 Rc6 32. Na2 Ra6 33. Rc1 h6 34. Qb2 Kh7 35. c6 Bc4 36. Rxc4 Qxc4 37. Rd1 Qxc6 38. Rc1 Qd5 39. Rc2 e3 40. Qc1 Qd4+ 41. Kb1 Rb6+ 42. Rb2 Qxb2+ 43. Qxb2 Rxb2+ 0-1

[Event "Biel MTO"]
[Site "Biel"]
[Date "2001.07.27"]
[Round "5"]
[White "Bozinovic, Bogdan"]
[Black "Senff, Martin"]
[Result "0-1"]
[WhiteElo "2297"]
[BlackElo "2459"]
[PlyCount "84"]
[EventDate "2001.07.23"]
[Source "ChessBase"]
[SourceDate "2001.09.11"]

1. d4 Nf6 2. c4 e6 3. Bg5 Bb4+ 4. Nd2 c5 5. Ngf3 cxd4 6. Nxd4 h6 7. Bh4 Nc6 8. Nc2 Be7 9. e3 O-O 10. Be2 d5 11. O-O b6 12. Bf3 Ne5 13. cxd5 Nxf3+ 14. Nxf3 Nxd5 15. Bg3 Ba6 16. Re1 Rc8 17. a3 Nf6 18. Ncd4 Ne4 19. Qa4 Nc5 20. Qd1 Ne4 21. Qa4 Nc5 22. Qd1 Bf6 23. b4 Nd3 24. Re2 e5 25. Nb3 e4 26. Nfd4 Qd5 27. Rb1 Rfd8 28. Rd2 h5 29. h4 g6 30. Rc2 Rxc2 31. Qxc2 Rc8 32. Qd1 Qd8 33. b5 Bb7 34. Nc1 Bxd4 35. Nxd3 exd3 36. exd4 Qxd4 37. Rb4 Qd5 38. f3 d2 39. Rb1 Qd3 40. Ra1 Rc1 41. Rxc1 Qe3+ 42. Kh2 dxc1=Q 0-1

[Event "ITA Ch"]
[Site "Chianciano Terme"]
[Date "1991.??.??"]
[Round "1"]
[White "Passerotti, Pierluigi"]
[Black "Tatai, Stefano"]
[Result "0-1"]
[WhiteElo "2330"]
[BlackElo "2410"]
[PlyCount "55"]
[EventDate "1991.??.??"]
[Source "www.chesslib.no"]
[SourceDate "2004.05.04"]

1. d4 Nf6 2. c4 e6 3. Bg5 h6 4. Bh4 c5 5. d5 Qa5+ 6. Nc3 Ne4 7. Qc2 Nxc3 8. Qxc3 Qxc3+ 9. bxc3 d6 10. e4 Nd7 11. Nf3 e5 12. Nd2 Nb6 13. a4 a5 14. Bd3 Bd7 15. Bc2 Be7 16. Bxe7 Kxe7 17. Ke2 Kd8 18. g3 Kc7 19. f4 exf4 20. gxf4 Rae8 21. Kf3 g5 22. e5 dxe5 23. Ne4 exf4 24. Nxc5 Re3+ 25. Kf2 Nxc4 26. Rab1 Bc8 27. Bd3 Nd6 28. Rhd1 0-1

[Event "Budapest FS05 GM"]
[Site "Budapest"]
[Date "2002.05.05"]
[Round "2"]
[White "Husari, Sate"]
[Black "Lengyel, Bela"]
[Result "1/2-1/2"]
[WhiteElo "2383"]
[BlackElo "2354"]
[PlyCount "126"]
[EventDate "2002.05.04"]
[Source "ChessBase"]
[SourceDate "2002.07.08"]

1. d4 Nf6 2. c4 e6 3. Bg5 h6 4. Bh4 d5 5. cxd5 exd5 6. Nc3 c6 7. Qc2 Na6 8. e3 Nc7 9. Bd3 Be7 10. Nge2 Nh5 11. Bxe7 Qxe7 12. O-O-O Bd7 13. Kb1 O-O-O 14. a3 Kb8 15. b4 g6 16. Nc1 Bc8 17. Nb3 f5 18. Rhe1 Rhf8 19. Ka2 Ng7 20. Rb1 Ka8 21. b5 cxb5 22. Nxb5 Nge6 23. Nxc7+ Qxc7 24. Qxc7 Nxc7 25. Rec1 Rf7 26. Nd2 Ne8 27. Nf3 Nd6 28. Ne5 Rg7 29. Bc2 g5 30. Bb3 Be6 31. Nd3 Bg8 32. Rb2 Nc4 33. Rbc2 b5 34. Rc3 Rd6 35. Nc5 a6 36. g3 h5 37. Rd1 h4 38. Rcc1 Ka7 39. a4 Rh6 40. axb5 axb5 41. Bxc4 dxc4 42. Ka3 hxg3 43. hxg3 Rh2 44. Rd2 Bd5 45. Kb4 Re7 46. Ra1+ Kb8 47. Re2 g4 48. Kxb5 f4 49. Raa2 Bf3 50. Rec2 fxe3 51. fxe3 Rxc2 52. Rxc2 Rxe3 53. Kxc4 Re1 54. Nd7+ Kc7 55. Ne5 Bd1 56. Rh2 Re3 57. Rh7+ Kd6 58. Rd7+ Ke6 59. d5+ Kf6 60. Rf7+ Kg5 61. Rg7+ Kf5 62. Rf7+ Kg5 63. Rg7+ Kf5 1/2-1/2

[Event "IBM-C"]
[Site "Amsterdam"]
[Date "1980.??.??"]
[Round "?"]
[White "Schiffer, Karl Josef"]
[Black "Vogel, Jaap"]
[Result "0-1"]
[WhiteElo "2415"]
[BlackElo "2315"]
[PlyCount "84"]
[EventDate "1980.06.??"]
[Source "ChessBase"]

1. d4 Nf6 2. c4 e6 3. Bg5 c5 4. d5 h6 5. Bxf6 Qxf6 6. Nc3 d6 7. e4 e5 8. Be2 Nd7 9. Nf3 g6 10. O-O Bg7 11. Ne1 O-O 12. Nd3 Qe7 13. a3 f5 14. b4 b6 15. Rb1 Nf6 16. Bf3 Nh7 17. bxc5 bxc5 18. g3 Ng5 19. Bg2 f4 20. f3 h5 21. Qa4 fxg3 22. hxg3 h4 23. g4 h3 24. Bh1 Bd7 25. Qc2 Rf7 26. Qh2 Raf8 27. Qg3 Bc8 28. Nb5 Bh6 29. Rbe1 Bg7 30. Rb1 Rf6 31. Rf2 Bh6 32. Re1 Bg7 33. Rb1 Rf4 34. a4 Nxe4 35. Qxh3 Nxf2 36. Nxf2 Rxc4 37. Ne4 Rxe4 38. fxe4 Rf4 39. Bf3 Bxg4 40. Bxg4 Qg5 41. Nxd6 Rxg4+ 42. Kf2 Qd2+ 0-1